Southville International School and Colleges
Your cart is empty.
  • Cart
  • Lists
    Public lists Eva Luna New books Lux_list list_1
    Your lists Log in to create your own lists
  • Log in to your account
  • Your cookies
  • Search history
Southville International School and Colleges
  • Advanced search
  • Recent comments
  • Most popular
  • Libraries

Log in to your account

Log in with GOOGLE


If you do not have an external account, but do have a local account, you can still log in:

  1. Home
  2. MARC view: The dead end /
Normal view MARC view ISBD view

The dead end / (Record no. 34347)

[ view plain ]
MARC details
000 -LEADER
fixed length control field 01554cam a22004817a 4500
001 - CONTROL NUMBER
control field 16748398
003 - CONTROL NUMBER IDENTIFIER
control field OSt
005 - DATE AND TIME OF LATEST TRANSACTION
control field 20140310184430.0
008 - FIXED-LENGTH DATA ELEMENTS--GENERAL INFORMATION
fixed length control field 110423s2010 nyu c 000 1 eng d
010 ## - LIBRARY OF CONGRESS CONTROL NUMBER
LC control number 2011288797
020 ## - INTERNATIONAL STANDARD BOOK NUMBER
International Standard Book Number 9780545258388
020 ## - INTERNATIONAL STANDARD BOOK NUMBER
International Standard Book Number 0545258383
020 ## - INTERNATIONAL STANDARD BOOK NUMBER
International Standard Book Number 9780545203180 (pbk.)
020 ## - INTERNATIONAL STANDARD BOOK NUMBER
International Standard Book Number 054520318X (pbk.)
020 ## - INTERNATIONAL STANDARD BOOK NUMBER
International Standard Book Number 9780606147903 (turtleback)
020 ## - INTERNATIONAL STANDARD BOOK NUMBER
International Standard Book Number 060614790X (turtleback)
035 ## - SYSTEM CONTROL NUMBER
System control number (OCoLC)ocn607557120
040 ## - CATALOGING SOURCE
Original cataloging agency CNRCS
Transcribing agency CNRCS
Modifying agency BTCTA
-- DAD
-- JAO
-- MCT
-- EHH
-- WIQ
-- JBL
-- UPZ
-- DLC
042 ## - AUTHENTICATION CODE
Authentication code lccopycat
043 ## - GEOGRAPHIC AREA CODE
Geographic area code n-us-nh
050 00 - LIBRARY OF CONGRESS CALL NUMBER
Classification number PZ 7
Item number .M47841448 2010
100 1# - MAIN ENTRY--PERSONAL NAME
Personal name McCoy, Mimi.
9 (RLIN) 27072
245 14 - TITLE STATEMENT
Title The dead end /
Statement of responsibility, etc Mimi McCoy.
260 ## - PUBLICATION, DISTRIBUTION, ETC. (IMPRINT)
Place of publication, distribution, etc New York :
Name of publisher, distributor, etc Scholastic,
Date of publication, distribution, etc 2010.
300 ## - PHYSICAL DESCRIPTION
Extent 174 p. ;
Dimensions 20 cm.
490 1# - SERIES STATEMENT
Series statement Poison apple books
521 ## - TARGET AUDIENCE NOTE
Target audience note
526 ## - STUDY PROGRAM INFORMATION NOTE
Reading level 590
562 ## - COPY AND VERSION IDENTIFICATION NOTE
Number of copies For circulation. 2 copy available in the collection
650 #0 - SUBJECT ADDED ENTRY--TOPICAL TERM
Topical term or geographic name as entry element Ghost stories.
9 (RLIN) 4370
650 #0 - SUBJECT ADDED ENTRY--TOPICAL TERM
Topical term or geographic name as entry element Haunted houses
Form subdivision Juvenile fiction.
9 (RLIN) 27073
650 #0 - SUBJECT ADDED ENTRY--TOPICAL TERM
Topical term or geographic name as entry element Haunted places
Form subdivision Juvenile fiction.
9 (RLIN) 27074
650 #0 - SUBJECT ADDED ENTRY--TOPICAL TERM
Topical term or geographic name as entry element Architecture
General subdivision Conservation and restoration
Form subdivision Juvenile fiction.
9 (RLIN) 27075
650 #1 - SUBJECT ADDED ENTRY--TOPICAL TERM
Topical term or geographic name as entry element Ghosts
Form subdivision Fiction.
9 (RLIN) 27076
650 #1 - SUBJECT ADDED ENTRY--TOPICAL TERM
Topical term or geographic name as entry element Haunted houses
Form subdivision Fiction.
9 (RLIN) 27077
830 #0 - SERIES ADDED ENTRY--UNIFORM TITLE
Uniform title Poison apple books.
9 (RLIN) 27057
906 ## - LOCAL DATA ELEMENT F, LDF (RLIN)
a 7
b cbc
c copycat
d 2
e ncip
f 20
g y-gencatlg
942 ## - ADDED ENTRY ELEMENTS (KOHA)
Source of classification or shelving scheme Library of Congress Classification
Koha item type
Holdings
Withdrawn status Lost status Source of classification or shelving scheme Damaged status Home library Current library Shelving location Date acquired Total Checkouts Full call number Barcode Date last seen Date checked out Copy number Price effective from Koha item type
    Library of Congress Classification   Luxembourg Library Luxembourg Library Scholastic Reading Center Section 10/09/2013 1 PZ 7 .M47841448 2010 LEX1367 04/18/2017 02/19/2016 1 10/09/2013 Books
    Library of Congress Classification   Luxembourg Library Luxembourg Library Scholastic Reading Center Section 10/09/2013   PZ 7 .M47841448 2010 LEX1368 04/18/2017   2 10/09/2013 Books
    Library of Congress Classification   Luxembourg Library Luxembourg Library Scholastic Reading Center Section 10/16/2013   PZ 7 .M47841448 2010 SCHO0385 04/18/2017   3 10/16/2013 Books

The dead end /

APA

McCoy M., . (2010). The dead end. New York: Scholastic.

Chicago

McCoy Mimi, . 2010. The dead end. New York: Scholastic.

Harvard

McCoy M., . (2010). The dead end. New York: Scholastic.

MLA

McCoy Mimi, . The dead end. New York: Scholastic. 2010.

  • Place hold
  • Print
  • Cite
  • Add to your cart (remove)
  • Save record
    BIBTEX Dublin Core MARCXML MARC (non-Unicode/MARC-8) MARC (Unicode/UTF-8) MARC (Unicode/UTF-8, Standard) MODS (XML) RIS
  • More searches
    Search for this title in:
    Other Libraries (WorldCat) Other Databases (Google Scholar) Online Stores (Bookfinder.com) Open Library (openlibrary.org)

Exporting to Dublin Core...

SOUTHVILLE LIBRARY

Southville International School and Colleges Library

1281 Tropical Ave. Cor. Luxembourg St., BF Homes International, Las Pinas City

Tel. No. 8256374 / 252358 Loc. 117/146

Powered by Koha